| 000 | 01168cab a22002055a 4500 | ||
|---|---|---|---|
| 001 | L144502 | ||
| 008 | 080723e20080723xxkado f s 000 0 eng d | ||
| 035 | _a(Sirsi) u144502 | ||
| 041 | 0 | _aeng | |
| 110 | 2 |
_aEstates Gazette _9298 |
|
| 245 | 0 | 0 | _aLondon offices market analysis |
| 260 | _c2008 | ||
| 490 |
_aEstates Gazette _v(0828) 19 July 2008, 67-84(16) |
||
| 490 |
_aEstates Gazette London Offices Market Analysis _v(issue 2) 19 July 2008, 1-17(17) |
||
| 520 | _aDiscusses take up, supply, availability rates, asking rents and construction trends for various locations within London. Reports that the market continues to undergo a subdued period in response to the credit crisis triggered by problems in the US sub-prime housing market. Also, capital values dropped severely and a weakening occupier market is starting to affect returns. Developers remain concerned that the next stage of the economic cycle will be affected by the weakened market and that a focus must be made on preparation for an eventual improvement in the economic climate | ||
| 590 | _aKA | ||
| 651 | 4 | _aLondon | |
| 690 | _aPROPERTY-OFFICE PROPERTY-OFFICE PROPERTY MARKET | ||
| 942 | _n0 | ||
| 999 |
_c80498 _d80498 |
||